[Event "FICGS class D 000007 email"]
[Site "FICGS email"]
[Date "2006.07.14"]
[Round "1"]
[White "Payne, David J"]
[Black "Riha, Josef"]
[Result "0-1"]
[WhiteElo "1600"]
[BlackElo "1592"]
[PlyCount "34"]
[EventDate "2006.??.??"]
[EventType "tourn (corr)"]
[EventRounds "6"]
[SourceTitle "Corr 2022"]
[Source "ChessBase"]
[SourceDate "2021.10.24"]
[SourceVersion "1"]
[SourceVersionDate "2021.10.24"]
[SourceQuality "1"]

1. d4 Nf6 2. c4 e6 3. Nc3 Bb4 4. Qc2 0-0 5. Bg5 c5 6. Nf3 cxd4 7. Nxd4 h6 8. Bh4 d5 9. cxd5 g5 10. Bg3 Nxd5 11. e3 Qa5 12. Nde2 Bd7 13. e4 Nxc3 14. Nxc3 Rc8 15. Rc1 Qxa2 16. Bd3 Bxc3+ 17. bxc3 Qxc2 0-1

[Event "FICGS class D 000007 email"]
[Site "FICGS email"]
[Date "2006.07.14"]
[Round "1"]
[White "Schmid, Pablo"]
[Black "Payne, David J"]
[Result "1-0"]
[WhiteElo "1736"]
[BlackElo "1600"]
[PlyCount "23"]
[EventDate "2006.??.??"]
[EventType "tourn (corr)"]
[EventRounds "6"]
[SourceTitle "Corr 2022"]
[Source "ChessBase"]
[SourceDate "2021.10.24"]
[SourceVersion "1"]
[SourceVersionDate "2021.10.24"]
[SourceQuality "1"]

1. d4 Nf6 2. f3 g6 3. e4 Bg7 4. c4 d6 5. Nc3 0-0 6. Be3 e5 7. d5 c6 8. Bd3 Nbd7 9. Nge2 cxd5 10. cxd5 a6 11. 0-0 Ne8 12. Ng3 1-0